000 00546nam a2200181Ia 4500
008 090124s9999 xx 000 0 und d
082 _b123520
100 _aतेंडुलकर प्रिया
245 _a पंचतारांकित
250 _a1
260 _c1989
300 _a144
600 _aतेंडुलकर प्रिया
630 _a पंचतारांकित
700 _aतेंडुलकर प्रिया
730 _a पंचतारांकित
942 _cBOOK
999 _c169606
_d169606